| 000 | 00730nam a2200241 a 4500 | ||
|---|---|---|---|
| 005 | 20200104041511.0 | ||
| 008 | 140220b1987 ck ||||| |||| 00| 0 spa d | ||
| 020 | _a9589061389 | ||
| 040 |
_aCO-BoIAVH _cCO-BoIAVH |
||
| 041 | _aspa | ||
| 044 | _ack | ||
| 082 |
_a333.7068 _bL35m |
||
| 100 | _aLatorre, Emilio | ||
| 245 |
_aMunicipio y medio ambiente: _bguía para la planificación municipal |
||
| 260 |
_aBogotá _bFESCOL _bColegio Verde _bCEREC _c1987 |
||
| 300 |
_a206 páginas _c21 x 13 cm |
||
| 650 | 1 | 4 | _aMedio ambiente |
| 650 | 1 | 4 | _aDesarrollo sostenible |
| 650 | 1 | 4 | _aPlan de acción ambiental |
| 650 | 1 | 4 | _aComunidades |
| 650 | 1 | 4 | _aOrdenamiento territorial |
| 942 |
_cLIBRO _2ddc |
||
| 999 |
_c460 _d460 |
||